Topographie des Königreichs Böhmen : darinn alle Städte, Flecken, Herrschaften, Schlößer, Landgüter, Edelsitze, Klöster, Dörfer, wie auch verfallene Schlößer und Städte unter den ehemaligen, und jetzigen Benennungen samt ihren Merkwürdigkeiten beschrieben werden. Zehnter Theil, Kauržimer Kreis /

Hlavní autor: Schaller, Josef František Jaroslav, 1738-1809
Další autoři: Berka, Jan, 1759-1838
Jazyk: Němčina
Vydáno: Prag ; und Wien : in der von Schönfeldschen Handlung, 1788
Témata:
Fyzický popis: [8], 373, [4] s. ; 8°
Knihy
Uloženo v:
LEADER 01942nam a2200385 a 4500
001 mzk03001069412
003 CZ BrMZK
005 20111111143555.0
008 010907s1788 xr fr|||||00| ||gerod
040 |a BOA001  |b cze 
044 |a xr  |a au 
072 7 |a 094  |x Staré tisky  |2 Konspekt  |9 12 
080 |a (0.068)094  |2 MRF 
100 1 |a Schaller, Josef František Jaroslav,  |d 1738-1809  |7 jk01110846  |4 aut 
245 1 0 |a Topographie des Königreichs Böhmen :  |b darinn alle Städte, Flecken, Herrschaften, Schlößer, Landgüter, Edelsitze, Klöster, Dörfer, wie auch verfallene Schlößer und Städte unter den ehemaligen, und jetzigen Benennungen samt ihren Merkwürdigkeiten beschrieben werden.  |n Zehnter Theil,  |p Kauržimer Kreis /  |c Verfasset von Jaroslaus Schaller, a St. Josepho Priester des Ordens der frommen Schulen, Ehrenmitgliede der königlichen preußischen Gesellschaft naturforschender Freunde in Berlin, und Halle, und wirklichem Mitgliede der gelehrten Gesllschaft in Jena 
246 3 0 |a Kauržimer Kreis 
260 |a Prag ;  |a und Wien :  |b in der von Schönfeldschen Handlung,  |c 1788 
300 |a [8], 373, [4] s. ;  |c 8° 
500 |a Výzdoba: Nad impresem mědiryt (veduta Kuřim, signovaná J. Berka sc. Pragae), mědirytinový erb v záhlaví dedikace, vlysy 
501 |a Přívazek k 9. dílu téhož titulu 
510 4 |a Knihopis,  |c K15341 
590 |a Poslední 2 listy vevázány za úvod 
655 7 |a staré tisky  |7 fd422076  |2 czenas 
700 1 |a Berka, Jan,  |d 1759-1838  |7 js20050626017  |4 ill 
903 |a RP 
910 |a BOA001  |b ST2-0007.217,9,E,přív. 
978 |b Schönfeld, Jan Nepomuk Ferdinand  |a Praha  |c 1788 
978 |b Schönfeld, Jan Nepomuk Ferdinand  |a Wien  |c 1788 
984 |a Praha  |b Česko 
984 |a Vídeň  |b Rakousko 
985 |a 1751-1800 
990 |a BK 
993 |a Y 
991 |k mzk 
994 |a UP  |l MZK03  |b 000425867  |m přívazek  |n záznam 1. díla (pro objednání pokračujte kliknutím)